[Event "Philadelphia Open"]
[Site "Philadelphia"]
[Date "2017.04.14"]
[Round "4.14"]
[White "Markzon, Gregory"]
[Black "Sarkar, Justin Joey"]
[Result "1-0"]
[WhiteElo "2188"]
[BlackElo "2390"]
[PlyCount "81"]
[EventDate "2017.04.??"]
[EventType "swiss"]
[EventRounds "9"]
[EventCountry "USA"]

1. d4 Nf6 2. c4 e6 3. Nc3 Bb4 4. e3 d5 5. a3 Bxc3+ 6. bxc3 c6 7. Nf3 O-O 8. Bd3
b6 9. cxd5 cxd5 10. Qe2 Bb7 11. O-O Qc8 12. a4 Ba6 13. Bb5 Ne4 14. Ba3 Rd8 15.
Rfc1 Bxb5 16. axb5 a6 17. Bb4 Qc4 18. Qxc4 dxc4 19. Ne5 Rc8 20. f3 f6 21. fxe4
fxe5 22. dxe5 Nd7 23. Rxa6 Rxa6 24. bxa6 Nxe5 25. Bd6 Nf7 26. e5 Ra8 27. Ra1
Nxd6 28. exd6 Kf7 29. a7 e5 30. Ra6 Ke6 31. Kf2 e4 32. Kg3 g5 33. Kg4 b5 34.
d7+ Kxd7 35. Kf5 Kc7 36. Kxe4 Kb7 37. Ra2 Re8+ 38. Kf5 Ka8 39. e4 Rd8 40. e5
Rd3 41. e6 1-0

[Event "Philadelphia Open"]
[Site "Philadelphia"]
[Date "2017.04.14"]
[Round "4.15"]
[White "Daggupati, Balaji"]
[Black "Hong, Andrew"]
[Result "0-1"]
[WhiteElo "2152"]
[BlackElo "2378"]
[PlyCount "58"]
[EventDate "2017.04.??"]
[EventType "swiss"]
[EventRounds "9"]
[EventCountry "USA"]

1. e4 c5 2. Nf3 d6 3. d4 cxd4 4. Nxd4 Nf6 5. Nc3 a6 6. Bg5 Nbd7 7. f4 Qc7 8.
Qf3 b5 9. O-O-O Bb7 10. Bd3 g6 11. Rhe1 Bg7 12. Nd5 Nxd5 13. exd5 Nf6 14. Nc6
Bxc6 15. dxc6 d5 16. Qe2 O-O 17. Qxe7 Qxc6 18. f5 Rfe8 19. Qb4 Rac8 20. fxg6
hxg6 21. Bxf6 Bxf6 22. Rxe8+ Rxe8 23. Qf4 Kg7 24. Rf1 Re5 25. h4 Qe6 26. Qf2
Bd8 27. Qd4 Bb6 28. Qb4 a5 29. Qc3 b4 0-1

[Event "Philadelphia Open"]
[Site "Philadelphia"]
[Date "2017.04.14"]
[Round "4.16"]
[White "Umayan, Vincent"]
[Black "Thavandiran, Shiyam"]
[Result "0-1"]
[WhiteElo "1983"]
[BlackElo "2375"]
[PlyCount "80"]
[EventDate "2017.04.??"]
[EventType "swiss"]
[EventRounds "9"]
[EventCountry "USA"]

1. d4 e6 2. c4 Bb4+ 3. Bd2 a5 4. Nf3 d6 5. g3 Nc6 6. Bg2 e5 7. d5 Bxd2+ 8. Qxd2
Nb8 9. Nc3 Na6 10. O-O Nc5 11. e4 h5 12. Qe3 Qe7 13. b3 Nh6 14. h3 O-O 15. Kh2
Bd7 16. Qe2 Rae8 17. Rab1 f5 18. Nd2 h4 19. Rbe1 hxg3+ 20. fxg3 f4 21. g4 Bxg4
22. hxg4 Qh4+ 23. Kg1 Nxg4 24. Nf3 Qh5 25. Na4 Nxa4 26. bxa4 Rf6 27. Rb1 Ne3
28. Rxb7 Nxg2 29. Rf2 Nh4 30. Nh2 Rg6+ 31. Kh1 Qg5 32. Qf1 Qg3 33. Rb3 f3 34.
Rbxf3 Nxf3 35. Rxf3 Qg5 36. Qf2 Rb8 37. Rb3 Rf8 38. Rf3 Qc1+ 39. Nf1 Rxf3 40.
Qxf3 Rf6 0-1

[Event "Philadelphia Open"]
[Site "Philadelphia"]
[Date "2017.04.14"]
[Round "4.17"]
[White "Paragua, Mark C"]
[Black "Garcia, Erick Gumersindo"]
[Result "1-0"]
[WhiteElo "2521"]
[BlackElo "2187"]
[PlyCount "79"]
[EventDate "2017.04.??"]
[EventType "swiss"]
[EventRounds "9"]
[EventCountry "USA"]

1. d4 d5 2. Nf3 Nf6 3. Bf4 c5 4. e3 Nc6 5. c3 Qb6 6. Qb3 c4 7. Qc2 Bf5 8. Qc1
Nh5 9. Be5 f6 10. Bg3 e5 11. Be2 Nxg3 12. hxg3 Bd6 13. Nh4 Bxb1 14. Rxb1 O-O-O
15. Nf5 g6 16. Nxd6+ Rxd6 17. O-O Qc7 18. dxe5 Nxe5 19. Rd1 f5 20. Qd2 Rhd8 21.
b3 cxb3 22. axb3 Kb8 23. Ra1 Nd7 24. b4 Nb6 25. Qd4 Nc8 26. Ra5 b6 27. Ra2 R8d7
28. Rad2 h5 29. Bb5 Re7 30. Ba6 Re4 31. Qh8 Rd8 32. Qh6 Ne7 33. c4 Rxc4 34.
Bxc4 Qxc4 35. Qf4+ Qxf4 36. exf4 Rd7 37. b5 Kc7 38. Re2 Kd8 39. Rc2 Nc8 40. f3
1-0

[Event "Philadelphia Open"]
[Site "Philadelphia"]
[Date "2017.04.14"]
[Round "4.18"]
[White "IM Haubro, Martin"]
[Black "WFM Inapuri, Ranya"]
[Result "1-0"]
[WhiteElo "2355"]
[BlackElo "2157"]
[PlyCount "87"]
[EventDate "2017.04.??"]
[EventType "swiss"]
[EventRounds "9"]
[EventCountry "USA"]

1. e4 d5 2. exd5 Qxd5 3. Nc3 Qd6 4. d4 Nf6 5. Nf3 g6 6. Nb5 Qb6 7. Na3 c6 8.
Nc4 Qd8 9. Nce5 Bg7 10. Bc4 O-O 11. O-O Nd5 12. Bb3 Nd7 13. Nd3 a5 14. c4 N5b6
15. a4 Nf6 16. h3 Be6 17. Qc2 Bf5 18. Rd1 Be4 19. Ng5 Bf5 20. Be3 h6 21. Nf3 g5
22. Qe2 Qc7 23. Rac1 Nbd7 24. Ba2 Ne4 25. h4 Bf6 26. Nd2 Nxd2 27. Qxd2 gxh4 28.
Bxh6 Rfd8 29. Nf4 Nf8 30. Qe3 Ng6 31. Nxg6 Bxg6 32. Bg5 Kg7 33. Bxf6+ exf6 34.
Bb1 Rh8 35. Bxg6 fxg6 36. Re1 Qf7 37. d5 Rhe8 38. Qd4 g5 39. d6 Qd7 40. f4 Qg4
41. d7 Rxe1+ 42. Rxe1 Rd8 43. Re7+ Kg6 44. Qe4+ 1-0

[Event "Philadelphia Open"]
[Site "Philadelphia"]
[Date "2017.04.14"]
[Round "4.19"]
[White "Lederer, Yoav"]
[Black "Duran Trujillo, Reinaldo R"]
[Result "1/2-1/2"]
[WhiteElo "2317"]
[BlackElo "2126"]
[Annotator "Hater,David"]
[PlyCount "83"]
[EventDate "2017.04.??"]
[EventType "swiss"]
[EventRounds "9"]
[EventCountry "USA"]

1. Nf3 c5 2. c4 Nf6 3. Nc3 d5 4. cxd5 Nxd5 5. g3 Nc6 6. Bg2 Nc7 7. a3 e5 8. b4
f6 9. Rb1 Be7 10. bxc5 Bxc5 11. O-O O-O 12. Qc2 Be7 13. e3 f5 14. d4 e4 15. Nd2
Rb8 16. f3 exf3 17. Bxf3 Be6 18. Nb3 Nd5 19. Nxd5 Bxd5 20. Nc5 Bxf3 21. Rxf3
Qd5 22. Qb3 Qxb3 23. Nxb3 Rbd8 24. Nd2 b6 25. Rb5 g6 26. Bb2 Rc8 27. Nb3 Nb8
28. d5 Nd7 29. Nd4 Ne5 30. Rf1 Nc4 31. Nc6 Bg5 32. Bc1 Rfe8 33. e4 Bxc1 34.
Rxc1 Nd6 35. Rbb1 Rxe4 36. Nxa7 Rxc1+ 37. Rxc1 Ra4 38. Nc8 Nxc8 39. Rxc8+ Kg7
40. Rc7+ Kf6 41. Rxh7 Rxa3 42. Rb7 1/2-1/2

[Event "Philadelphia Open"]
[Site "Philadelphia"]
[Date "2017.04.14"]
[Round "4.22"]
[White "Nyamdorj, Davaa-ochir"]
[Black "Sinha, Sahil"]
[Result "1-0"]
[WhiteElo "2082"]
[BlackElo "2288"]
[PlyCount "141"]
[EventDate "2017.04.??"]
[EventType "swiss"]
[EventRounds "9"]
[EventCountry "USA"]

1. e4 c5 2. Nf3 d6 3. Bb5+ Nd7 4. d4 cxd4 5. Qxd4 a6 6. Bxd7+ Bxd7 7. c4 e6 8.
Nc3 Qc7 9. a4 Ne7 10. O-O Nc6 11. Qd3 Ne5 12. Nxe5 dxe5 13. b3 Rd8 14. Qg3 Bc6
15. Re1 f6 16. Be3 Bb4 17. Rec1 Rd3 18. Nd5 exd5 19. cxd5 Rxb3 20. dxc6 bxc6
21. Qg4 Qd7 22. Qh5+ Ke7 23. Rd1 Qe6 24. Qe2 a5 25. Qa6 Re8 26. Qa7+ Kf8 27.
Bc5+ Kg8 28. Bxb4 axb4 29. Qc5 Qe7 30. Qxc6 Rc3 31. Qb5 Rec8 32. Rab1 R3c4 33.
a5 Qc5 34. Qa4 Rxe4 35. a6 Rc4 36. a7 Ra8 37. Qd7 Rf4 38. Rd2 Rd4 39. Rxd4 Qxd4
40. Qe6+ Kf8 41. Rc1 Qxa7 42. h4 Qe7 43. Qb6 f5 44. g3 Ra7 45. Rc8+ Kf7 46. Qc6
Rd7 47. Qc4+ Kg6 48. Rc6+ Rd6 49. Qc5 Rxc6 50. Qxe7 Rf6 51. Qxe5 Kf7 52. Qd5+
Kg6 53. Qb5 Re6 54. Qxb4 h6 55. Qf4 Rf6 56. Kg2 Kf7 57. h5 g5 58. Qc7+ Ke6 59.
Qg7 g4 60. Kf1 Ke5 61. Ke2 Ke6 62. Kd3 f4 63. Qxg4+ Ke5 64. Qg7 Kf5 65. g4+ Ke6
66. g5 hxg5 67. h6 Rf7 68. Qg6+ Rf6 69. Qe8+ Kf5 70. h7 Rd6+ 71. Kc4 1-0

[Event "Philadelphia Open"]
[Site "Philadelphia"]
[Date "2017.04.14"]
[Round "4.23"]
[White "Niemann, Hans"]
[Black "Wang, Jason Yuyang"]
[Result "0-1"]
[WhiteElo "2281"]
[BlackElo "2026"]
[PlyCount "62"]
[EventDate "2017.04.??"]
[EventType "swiss"]
[EventRounds "9"]
[EventCountry "USA"]

1. d4 d5 2. c4 dxc4 3. e4 c5 4. d5 Nf6 5. Nc3 b5 6. e5 b4 7. exf6 bxc3 8. bxc3
Nd7 9. Bxc4 exf6 10. Nf3 Bd6 11. O-O O-O 12. Be2 Qc7 13. g3 Rd8 14. Be3 Nb6 15.
c4 Bg4 16. Nd2 Bf5 17. Nb3 Be5 18. Rc1 Bb2 19. Bxc5 Bxc1 20. Qxc1 Rac8 21. d6
Qd7 22. Ba3 Re8 23. Re1 Nxc4 24. Bxc4 Rxe1+ 25. Qxe1 Rxc4 26. Qa5 h6 27. Bc5
Qc6 28. Qc7 Qf3 29. d7 Qd1+ 30. Kg2 Be4+ 31. Kh3 Qh5# 0-1

[Event "Philadelphia Open"]
[Site "Philadelphia"]
[Date "2017.04.14"]
[Round "4.24"]
[White "FM Guo, Arthur"]
[Black "FM Zheng, Yuan chan"]
[Result "1/2-1/2"]
[WhiteElo "2061"]
[BlackElo "2268"]
[PlyCount "116"]
[EventDate "2017.04.??"]
[EventType "swiss"]
[EventRounds "9"]
[EventCountry "USA"]

1. e4 e5 2. Nf3 Nc6 3. Bb5 a6 4. Ba4 Nf6 5. O-O b5 6. Bb3 Bb7 7. d3 Bc5 8. Nc3
O-O 9. Bg5 h6 10. Bh4 Re8 11. Nd5 Be7 12. Nxe7+ Qxe7 13. a3 d6 14. c3 Nd8 15.
Nd2 Ne6 16. Bg3 Rad8 17. Qe2 d5 18. exd5 Nc5 19. Bc2 Nxd5 20. Rfe1 Qd7 21. Ne4
Ne6 22. Qg4 Rf8 23. Qf5 f6 24. Bb3 Nc5 25. Qxd7 Nxd7 26. f4 exf4 27. Bxf4 Rc8
28. a4 f5 29. Nf2 g5 30. Bd2 Nc5 31. Bc2 Nxa4 32. Bxa4 bxa4 33. Rxa4 Rce8 34.
Raa1 Kf7 35. c4 Nb6 36. b3 Rxe1+ 37. Rxe1 Rd8 38. Bc3 Nd7 39. d4 Nf6 40. Re5
Ne4 41. Nxe4 Bxe4 42. g4 Re8 43. Rc5 fxg4 44. Rxc7+ Re7 45. Rxe7+ Kxe7 46. Kf2
Bc2 47. b4 Bb3 48. c5 Bd5 49. Ke3 h5 50. Kf2 Ke6 51. Bd2 Kf5 52. Bc1 h4 53. Bd2
g3+ 54. hxg3 h3 55. Kg1 g4 56. c6 Bxc6 57. Bh6 Ke4 58. Bf8 Kxd4 1/2-1/2

[Event "Philadelphia Open"]
[Site "Philadelphia"]
[Date "2017.04.14"]
[Round "4.25"]
[White "Gorti, Akshita"]
[Black "Yang, Kevin S"]
[Result "1/2-1/2"]
[WhiteElo "2261"]
[BlackElo "2016"]
[PlyCount "109"]
[EventDate "2017.04.??"]
[EventType "swiss"]
[EventRounds "9"]
[EventCountry "USA"]

1. d4 Nf6 2. c4 e6 3. Nc3 Bb4 4. e3 O-O 5. Nge2 d5 6. a3 Be7 7. cxd5 exd5 8.
Nf4 a5 9. Bd3 c6 10. O-O b6 11. f3 Na6 12. Bd2 Bb7 13. Be1 c5 14. Nfe2 Re8 15.
Bf2 Nc7 16. Rc1 c4 17. Bb1 b5 18. Ng3 b4 19. axb4 axb4 20. Nce2 Bf8 21. Qd2 Nb5
22. e4 dxe4 23. fxe4 Nxe4 24. Nxe4 Bxe4 25. Bxe4 Rxe4 26. Ng3 Re8 27. Rxc4 Qd5
28. Qd3 Rab8 29. Rfc1 g6 30. Nf1 Nd6 31. Rc7 Ne4 32. Be3 Bd6 33. R7c2 Nf6 34.
h3 Qe4 35. Qxe4 Nxe4 36. Rc6 Rbd8 37. g4 f5 38. Bh6 fxg4 39. hxg4 Kf7 40. Ne3
Bg3 41. R1c4 Bf2+ 42. Kg2 Bxe3 43. Rc7+ Kg8 44. Bxe3 Nd6 45. Bg5 Nxc4 46. Bxd8
Ne3+ 47. Kf3 Nxg4 48. Be7 Ne3 49. Bxb4 Nd5 50. Rb7 Re3+ 51. Kf2 Rb3 52. Rb8+
Kf7 53. Bd6 Rxb8 54. Bxb8 Ke6 55. Kf3 1/2-1/2

[Event "Philadelphia Open"]
[Site "Philadelphia"]
[Date "2017.04.14"]
[Round "4.26"]
[White "Nguyen, Trung"]
[Black "Li, Ben"]
[Result "0-1"]
[WhiteElo "2013"]
[BlackElo "2230"]
[PlyCount "98"]
[EventDate "2017.04.??"]
[EventType "swiss"]
[EventRounds "9"]
[EventCountry "USA"]

1. d4 d5 2. c4 e6 3. Nf3 Nf6 4. g3 dxc4 5. Bg2 Bd7 6. Ne5 Bc6 7. Nxc6 Nxc6 8.
O-O Qd7 9. e3 Rb8 10. a4 Na5 11. Nd2 c5 12. dxc5 Bxc5 13. Qe2 b5 14. axb5 Qxb5
15. b3 Nxb3 16. Rb1 O-O 17. Qxc4 Qxc4 18. Nxc4 a5 19. Ba3 Bxa3 20. Nxa3 Rfd8
21. Rfd1 Rxd1+ 22. Rxd1 Kf8 23. Rb1 Nd7 24. Nc4 a4 25. Bc6 Nbc5 26. Rxb8+ Nxb8
27. Bb5 Ke7 28. Kf1 Kd8 29. Ke2 Kc7 30. f3 Nc6 31. Bxc6 Kxc6 32. Kd2 f6 33. Kc3
Na6 34. Na5+ Kb6 35. Nc4+ Kc5 36. Nd2 f5 37. Nc4 Nc7 38. Nb2 Nd5+ 39. Kd2 a3
40. Nd3+ Kc4 41. Nc1 Nb4 42. f4 g6 43. e4 fxe4 44. g4 Nd5 45. Na2 Nxf4 46. Kc2
e3 47. h4 e2 48. Kd2 Kb3 49. Nc1+ Kb2 0-1

[Event "Philadelphia Open"]
[Site "Philadelphia"]
[Date "2017.04.14"]
[Round "4.28"]
[White "Tsay, Vincent"]
[Black "Shen, Christopher Yu-shuo"]
[Result "0-1"]
[WhiteElo "1956"]
[BlackElo "2200"]
[Annotator "Hater,David"]
[PlyCount "90"]
[EventDate "2017.04.??"]
[EventType "swiss"]
[EventRounds "9"]
[EventCountry "USA"]

1. d4 d6 2. c4 g6 3. Nc3 Nf6 4. e4 Bg7 5. Nf3 O-O 6. Be2 Nbd7 7. O-O e5 8. Be3
Re8 9. d5 Nc5 10. Nd2 a5 11. a3 a4 12. Bxc5 dxc5 13. Nxa4 b6 14. Nc3 Nd7 15.
Nb5 Bf8 16. Nb3 Nf6 17. Qd3 Ba6 18. a4 Qd7 19. Qf3 Kg7 20. Rfd1 h5 21. Rd2 Red8
22. Qc3 Bxb5 23. cxb5 Nxe4 24. Qxe5+ Nf6 25. Qc3 Bd6 26. Rd3 Re8 27. Re3 Rxe3
28. fxe3 Qe7 29. Bf3 g5 30. Nd2 g4 31. Be4 Be5 32. Qc2 Re8 33. Re1 Nxe4 34.
Nxe4 Bxh2+ 35. Kxh2 Qh4+ 36. Kg1 Qxe1+ 37. Kh2 Qxe3 38. Ng3 Qe5 39. Qc4 f5 40.
Qc3 h4 41. Qxe5+ Rxe5 42. Nh5+ Kg6 43. Nf4+ Kg5 44. b4 Kxf4 45. bxc5 g3+ 0-1

[Event "Philadelphia Open"]
[Site "Philadelphia"]
[Date "2017.04.14"]
[Round "4.30"]
[White "Der Manuelian, Haik Oliver"]
[Black "Betaneli, Alexander"]
[Result "1/2-1/2"]
[WhiteElo "2098"]
[BlackElo "2236"]
[PlyCount "86"]
[EventDate "2017.04.??"]
[EventType "swiss"]
[EventRounds "9"]
[EventCountry "USA"]

1. e4 e5 2. Nf3 Nc6 3. Bb5 a6 4. Ba4 d6 5. O-O Bd7 6. c3 g6 7. d4 Bg7 8. Re1
Nf6 9. Nbd2 O-O 10. Nf1 Re8 11. Ng3 Qe7 12. d5 Nb8 13. Bc2 Qf8 14. h3 Bh6 15.
Nh2 Bxc1 16. Qxc1 c6 17. c4 b5 18. b3 cxd5 19. cxd5 Rc8 20. Qd2 Be8 21. Bd3
Nbd7 22. b4 Nb6 23. Rac1 Bd7 24. Qe3 Rxc1 25. Rxc1 Rc8 26. Rxc8 Nxc8 27. Qc1
Qd8 28. Qg5 Qe7 29. f4 Ne8 30. Qxe7 Nxe7 31. fxe5 dxe5 32. Nf3 f6 33. Ne2 Nd6
34. Nc1 Bc8 35. Nb3 Kf8 36. Nc5 Ke8 37. Kf2 Kd8 38. Ke3 Kc7 39. g4 Nf7 40. a4
bxa4 41. Nxa4 f5 42. gxf5 gxf5 43. h4 h6 1/2-1/2

[Event "Philadelphia Open"]
[Site "Philadelphia"]
[Date "2017.04.14"]
[Round "4.31"]
[White "Jayaraman, Arvind"]
[Black "Xu, Runya"]
[Result "1-0"]
[WhiteElo "2198"]
[BlackElo "2065"]
[PlyCount "120"]
[EventDate "2017.04.??"]
[EventType "swiss"]
[EventRounds "9"]
[EventCountry "USA"]

1. d4 Nf6 2. c4 e6 3. Nc3 Bb4 4. e3 Bxc3+ 5. bxc3 c5 6. Bd3 Nc6 7. Ne2 O-O 8.
e4 Ne8 9. Be3 b6 10. O-O d6 11. f4 Na5 12. f5 e5 13. f6 Kh8 14. fxg7+ Nxg7 15.
Ng3 f6 16. Bh6 Rf7 17. d5 Qg8 18. Rf2 Ba6 19. Qe2 Ne8 20. Raf1 Qg6 21. Nf5 Bc8
22. Qe3 Bxf5 23. Rxf5 Ng7 24. R5f3 Nh5 25. Rh3 Rg8 26. Rf2 Re7 27. Qf3 Qxh6 28.
Rxh5 Qc1+ 29. Rf1 Qd2 30. Qxf6+ Rgg7 31. Qf2 Qxf2+ 32. Rxf2 Ref7 33. Rh6 Rxf2
34. Kxf2 Rg6 35. Rh3 Kg7 36. Be2 h6 37. Rg3 Kf6 38. Rf3+ Kg7 39. Rf5 Rf6 40.
Rxf6 Kxf6 41. Ke3 Nb7 42. Bh5 Na5 43. Be2 Nb7 44. h4 Kg6 45. Bg4 Nd8 46. Bd7
Kf7 47. Kf3 Ke7 48. Bc8 Kf6 49. Kg4 Kg6 50. Bd7 Nb7 51. Be8+ Kf6 52. Kh5 Kg7
53. Bd7 Na5 54. Bb5 Nb7 55. g4 Nd8 56. Be8 Nb7 57. g5 hxg5 58. Kxg5 Nd8 59. h5
Nb7 60. h6+ Kh7 1-0

[Event "Philadelphia Open"]
[Site "Philadelphia"]
[Date "2017.04.14"]
[Round "4.32"]
[White "Liang, Hairan"]
[Black "Jacobson, Brandon"]
[Result "1-0"]
[WhiteElo "2022"]
[BlackElo "2188"]
[PlyCount "71"]
[EventDate "2017.04.??"]
[EventType "swiss"]
[EventRounds "9"]
[EventCountry "USA"]

1. e4 c5 2. Nf3 e6 3. d4 cxd4 4. Nxd4 Nc6 5. Nc3 Qc7 6. Be2 Nf6 7. O-O Be7 8.
Be3 O-O 9. Kh1 d6 10. f4 Nxd4 11. Qxd4 b6 12. Bf3 Bb7 13. Rae1 Rad8 14. f5 e5
15. Qd2 Qd7 16. g4 d5 17. exd5 Bb4 18. Bg5 Bxc3 19. Qxc3 Nxd5 20. Qxe5 f6 21.
Qe6+ Qxe6 22. fxe6 fxg5 23. e7 Nxe7 24. Bxb7 Rd7 25. Rxf8+ Kxf8 26. Be4 Ng6 27.
Re3 Nf4 28. Kg1 g6 29. Ra3 a5 30. Rb3 h5 31. Rxb6 hxg4 32. c4 Nh3+ 33. Kf1 Rd2
34. c5 Rf2+ 35. Ke1 Rf4 36. c6 1-0

[Event "Philadelphia Open"]
[Site "Philadelphia"]
[Date "2017.04.14"]
[Round "4.33"]
[White "Juac, Majur"]
[Black "Paul, Justin"]
[Result "0-1"]
[WhiteElo "2074"]
[BlackElo "2179"]
[PlyCount "90"]
[EventDate "2017.04.??"]
[EventType "swiss"]
[EventRounds "9"]
[EventCountry "USA"]

1. d4 Nf6 2. c4 g6 3. Nc3 Bg7 4. e4 d6 5. Be2 O-O 6. g4 c5 7. g5 Ne8 8. Be3 Nc6
9. d5 Nd4 10. Qd2 Qa5 11. Bxd4 cxd4 12. Nd1 Qxd2+ 13. Kxd2 f5 14. f3 fxe4 15.
fxe4 Rf4 16. Kd3 Be5 17. Bf3 a5 18. Nf2 b6 19. Rf1 Nc7 20. Kc2 Ba6 21. b3 Raf8
22. Nd3 Rxe4 23. Bxe4 Rxf1 24. Ne2 Rxh1 25. Bxh1 Bxh2 26. Nxd4 Bg1 27. Nf3 Be3
28. a4 e6 29. Nde5 exd5 30. Ng4 Bf4 31. Nf6+ Kg7 32. cxd5 Bc8 33. Kc3 Bxg5 34.
Nxg5 Kxf6 35. Nxh7+ Ke5 36. Ng5 Nxd5+ 37. Bxd5 Kxd5 38. Nf3 Bg4 39. Ng5 Bf5 40.
Nf3 Be4 41. Nd2 g5 42. Nc4 Kc5 43. Ne3 d5 44. Ng4 d4+ 45. Kd2 Kb4 0-1

[Event "Philadelphia Open"]
[Site "Philadelphia"]
[Date "2017.04.14"]
[Round "4.35"]
[White "Paciorkowski, Lev"]
[Black "De Fotis, Gary C"]
[Result "1-0"]
[WhiteElo "2158"]
[BlackElo "1934"]
[PlyCount "51"]
[EventDate "2017.04.??"]
[EventType "swiss"]
[EventRounds "9"]
[EventCountry "USA"]

1. d4 Nf6 2. c4 e6 3. Nc3 Bb4 4. Qc2 O-O 5. Nf3 c5 6. dxc5 Na6 7. Bd2 Nxc5 8.
a3 Bxc3 9. Bxc3 b6 10. Ng5 g6 11. b4 Ne8 12. Nxh7 Kxh7 13. bxc5 bxc5 14. h4 f5
15. h5 g5 16. e4 Bb7 17. exf5 exf5 18. O-O-O Qe7 19. Rh3 g4 20. Re3 Qf7 21. Qe2
Kg8 22. Re7 Qxh5 23. Rdxd7 Be4 24. Rg7+ Nxg7 25. Rxg7+ Kh8 26. Rg5+ 1-0

[Event "Philadelphia Open"]
[Site "Philadelphia"]
[Date "2017.04.14"]
[Round "4.36"]
[White "Evans, Cory"]
[Black "Fernandez, Nelson W"]
[Result "1-0"]
[WhiteElo "2154"]
[BlackElo "1922"]
[PlyCount "135"]
[EventDate "2017.04.??"]
[EventType "swiss"]
[EventRounds "9"]
[EventCountry "USA"]

1. d4 Nf6 2. c4 e6 3. Nf3 Bb4+ 4. Nbd2 d6 5. a3 Bxd2+ 6. Bxd2 O-O 7. Qc2 Nc6 8.
g3 Re8 9. Bg2 e5 10. d5 Ne7 11. e4 Rf8 12. O-O Ng6 13. b4 Ne8 14. c5 h6 15.
Rac1 f5 16. cxd6 cxd6 17. Bh3 Ne7 18. exf5 Bxf5 19. Bxf5 Nxf5 20. Be3 Ne7 21.
Nh4 Rc8 22. Qd3 a6 23. Ng6 Nxg6 24. Qxg6 Qd7 25. Rxc8 Qxc8 26. Rc1 Qd7 27. Bb6
Rf6 28. Qh5 Qf7 29. Qxf7+ Rxf7 30. Rc8 Kf8 31. Rb8 Rd7 32. Kg2 Ke7 33. f4 exf4
34. gxf4 Nf6 35. Bd4 g5 36. Bxf6+ Kxf6 37. Kf3 Rc7 38. Rf8+ Kg6 39. f5+ Kg7 40.
Rd8 Kf6 41. Rxd6+ Kxf5 42. Rxh6 Rc3+ 43. Ke2 Rc7 44. Kd3 Ke5 45. Rh5 Kxd5 46.
Rxg5+ Ke6 47. Kd4 Rc2 48. Rg7 a5 49. Rxb7 axb4 50. axb4 Rxh2 51. Kc5 Rc2+ 52.
Kb6 Kd6 53. b5 Rc1 54. Rb8 Rb1 55. Rd8+ Ke7 56. Rd4 Rb2 57. Ka6 Ra2+ 58. Kb7
Rb2 59. b6 Ke8 60. Kc7 Rc2+ 61. Kb8 Rb2 62. b7 Ke7 63. Kc7 Rc2+ 64. Kb6 Rb2+
65. Kc6 Ke8 66. Rd5 Rc2+ 67. Kb6 Rb2+ 68. Rb5 1-0

[Event "Philadelphia Open"]
[Site "Philadelphia"]
[Date "2017.04.14"]
[Round "4.37"]
[White "Lee, Jayden Zhixi"]
[Black "Miyasaka, Marcus"]
[Result "0-1"]
[WhiteElo "1682"]
[BlackElo "2146"]
[PlyCount "52"]
[EventDate "2017.04.??"]
[EventType "swiss"]
[EventRounds "9"]
[EventCountry "USA"]

1. e4 e5 2. Nf3 Nc6 3. Nc3 Nf6 4. Bb5 Nd4 5. Bc4 d6 6. Nxd4 exd4 7. Nd5 Be6 8.
O-O Nxe4 9. Re1 Nf6 10. Nf4 d5 11. Bd3 Be7 12. Nxe6 fxe6 13. Rxe6 O-O 14. c3
Bc5 15. c4 Kh8 16. cxd5 Qxd5 17. Re2 Bd6 18. Qf1 Bxh2+ 19. Kh1 Qh5 20. Bf5 Qxf5
21. g3 Bxg3 22. Kg2 Bd6 23. f3 Nh5 24. Re4 Ng3 25. Qh1 Qxf3+ 26. Kh3 Nxh1+ 0-1

[Event "Philadelphia Open"]
[Site "Philadelphia"]
[Date "2017.04.14"]
[Round "4.39"]
[White "Wang, Wesley"]
[Black "Bohorquez, Maria Isabel"]
[Result "1-0"]
[WhiteElo "2111"]
[BlackElo "1570"]
[PlyCount "73"]
[EventDate "2017.04.??"]
[EventType "swiss"]
[EventRounds "9"]
[EventCountry "USA"]

1. e4 c5 2. Nf3 e6 3. d4 cxd4 4. Nxd4 a6 5. c4 Nf6 6. Nc3 d6 7. Be2 Qc7 8. O-O
Be7 9. Be3 b6 10. f3 Bb7 11. Qd2 Nc6 12. Rfc1 Rc8 13. Kh1 O-O 14. Nd5 Qd8 15.
Nxc6 Rxc6 16. Nxe7+ Qxe7 17. Rd1 d5 18. e5 Nd7 19. Bg5 Qe8 20. Bf4 Rc8 21. Rac1
a5 22. cxd5 Bxd5 23. Bb5 Qe7 24. Bg5 f6 25. Rxc8 Rxc8 26. Bxd7 Qxd7 27. exf6
Qf7 28. fxg7 Qxg7 29. Be3 Rc6 30. Bd4 Qg6 31. Bc3 Rc8 32. Qd4 Rc6 33. h3 b5 34.
Qh8+ Kf7 35. Rd4 Qh6 36. Rg4 e5 37. Qg8+ 1-0

[Event "Philadelphia Open"]
[Site "Philadelphia"]
[Date "2017.04.14"]
[Round "4.40"]
[White "Tanenbaum, Zachary Chen"]
[Black "Senft, Sean"]
[Result "1-0"]
[WhiteElo "2122"]
[BlackElo "1983"]
[PlyCount "55"]
[EventDate "2017.04.??"]
[EventType "swiss"]
[EventRounds "9"]
[EventCountry "USA"]

1. e4 c5 2. Nf3 d6 3. d4 cxd4 4. Nxd4 Nf6 5. Nc3 a6 6. Be3 e5 7. Nb3 Be6 8. h3
Nbd7 9. f4 exf4 10. Bxf4 Nc5 11. Qe2 Be7 12. Nd4 Qb6 13. O-O-O O-O 14. g4 Rfe8
15. g5 Nfd7 16. Qg2 Qa5 17. Kb1 Ne5 18. Nf5 Rad8 19. h4 Bf8 20. h5 Na4 21. Nxa4
Qxa4 22. b3 Qb4 23. Bd2 Qc5 24. Be3 Qc8 25. Bb6 Rd7 26. Bd4 Rc7 27. Ne3 Ng4 28.
g6 {White won on move 45} 1-0

[Event "Philadelphia Open"]
[Site "Philadelphia"]
[Date "2017.04.14"]
[Round "4.41"]
[White "Wongso, Steve"]
[Black "Kung, Thomas"]
[Result "0-1"]
[WhiteElo "1617"]
[BlackElo "2103"]
[PlyCount "94"]
[EventDate "2017.04.??"]
[EventType "swiss"]
[EventRounds "9"]
[EventCountry "USA"]

1. e4 e5 2. Nf3 Nc6 3. Nc3 Nf6 4. Bb5 Bb4 5. O-O O-O 6. d3 Bxc3 7. bxc3 d6 8.
Bg5 Qe7 9. Re1 Nd8 10. d4 Ne6 11. Bh4 c5 12. dxe5 dxe5 13. Nxe5 Nc7 14. Nd3 Qe6
15. Nf4 Qe5 16. Bf1 Qxc3 17. e5 Ng4 18. Be7 Re8 19. Qd6 Qd4 20. Qxd4 cxd4 21.
Bd6 Ne6 22. Nd5 Bd7 23. h3 Nh6 24. Rab1 Kh8 25. c4 b6 26. g3 Nf5 27. Bg2 Rac8
28. Rec1 Bc6 29. Ba3 Nc5 30. Bxc5 bxc5 31. Be4 g6 32. g4 Rxe5 33. Bxf5 gxf5 34.
f4 Re4 35. gxf5 Bxd5 36. cxd5 d3 37. Kf2 c4 38. Kf3 Rd4 39. Ke3 Rxd5 40. Ke4
Rd7 41. Ke3 d2 42. Rg1 c3 43. Rbd1 Re8+ 44. Kf3 c2 45. Rxd2 Rxd2 46. Rc1 Rc8
47. Ke3 Rd1 0-1

[Event "Philadelphia Open"]
[Site "Philadelphia"]
[Date "2017.04.14"]
[Round "5.1"]
[White "GM Belous, Vlad"]
[Black "GM Lopez, Angel"]
[Result "1-0"]
[WhiteElo "2498"]
[BlackElo "2509"]
[PlyCount "67"]
[EventDate "2017.04.??"]
[EventType "swiss"]
[EventRounds "9"]
[EventCountry "USA"]

1. c4 d6 2. Nc3 Nf6 3. d4 g6 4. e4 Bg7 5. h3 O-O 6. Be3 e5 7. d5 a5 8. Be2 Na6
9. Nf3 Nh5 10. Nd2 Nf4 11. Bf1 Nc5 12. Nb3 b6 13. g3 Nh5 14. Be2 Nf6 15. Nd2
Ne8 16. g4 f5 17. gxf5 gxf5 18. Rg1 Kh8 19. Qc2 Na6 20. Bg5 Bf6 21. Bh6 Bg7 22.
Bg5 Bf6 23. h4 Rg8 24. Nf3 Nc5 25. exf5 e4 26. Nxe4 Bxf5 27. Nxf6 Bxc2 28. Nxg8
Qd7 29. Nh6 Bg6 30. h5 Bxh5 31. Ne5 dxe5 32. Bxh5 Qg7 33. Nf7+ Kg8 34. Ke2 1-0

[Event "Philadelphia Open"]
[Site "Philadelphia"]
[Date "2017.04.14"]
[Round "5.2"]
[White "Li, Ruifeng"]
[Black "Gurevich, Daniel"]
[Result "1-0"]
[WhiteElo "2565"]
[BlackElo "2465"]
[PlyCount "83"]
[EventDate "2017.04.??"]
[EventType "swiss"]
[EventRounds "9"]
[EventCountry "USA"]

1. e4 c6 2. d4 d5 3. exd5 cxd5 4. c4 Nf6 5. Nc3 Nc6 6. Nf3 Bg4 7. Bg5 Ne4 8.
cxd5 Nxc3 9. bxc3 Qxd5 10. Qb3 O-O-O 11. Rb1 Qxb3 12. axb3 f6 13. Be3 e5 14.
dxe5 Bxf3 15. gxf3 fxe5 16. Bc4 Rd6 17. Ke2 Be7 18. b4 b6 19. Bd3 h6 20. Ra1
Kb8 21. Be4 Bg5 22. Rhd1 Rxd1 23. Rxd1 Bxe3 24. fxe3 Rc8 25. Rd6 Ne7 26. Re6
Ng8 27. Kd3 Rd8+ 28. Kc4 Rc8+ 29. Kb3 Nf6 30. Bc6 a6 31. c4 Rd8 32. Rxe5 Kc7
33. Bd5 Nxd5 34. cxd5 Kd6 35. f4 g5 36. e4 gxf4 37. Re6+ Kd7 38. Rf6 Rg8 39.
Rxf4 Kd6 40. Rf6+ Ke5 41. Re6+ Kd4 42. d6 1-0